00883cam a2200229ua 450000100100000000500170001000800410002704000300006808200170009810000390011524500960015425000120025026000690026230000260033165000410035765000230039865000310042170000350045291000280048795201210051599900170063600001562020200929164109.0840121s1972 sp 000 0 spa d aDO-SdBNPbspacDLCdBNPHU a362.2bH565p1 aHerrera Luque, Francisco J.93520514aLas personalidades psicopáticas. /cFrancisco J. Herrera Luque ; prólogo, Ibor López. a3a. ed. aBarcelona, (España) :bEditorial Científico-Médica,c1972. axix, 127 p. ;c20 cm. 4aTrastornos de la personalidad935206 4aFrustración9916 4aTrastornos mentales9182521 aLópez, Ibor,epról.935207 aCatalogación derivada 001054708MOaGRbGRcCTd2010-02-15iLF1l0o362.2 H565pp15620-10r2020-06-25w2020-06-25y4ZPréstamo en sala c15175d15175